Etes vous rapide ? AAA, BBB, CCC, DDD en 15s - Statistiques

Statistiques générales
  • Ce quiz a été pris 1 493 fois
  • Le résultat moyen est 15 sur 26
Statistiques - réponses
Lettre à recopier 3 fois La réponse :) % Correct
aaa aaa
100%
eee eee
93%
bbb bbb
91%
ddd ddd
91%
ccc ccc
89%
fff fff
88%
ggg ggg
84%
hhh hhh
82%
iii iii
82%
jjj jjj
77%
kkk kkk
74%
lll lll
71%
mmm mmm
68%
ooo ooo
63%
ppp ppp
58%
nnn nnn
54%
rrr rrr
47%
qqq qqq
43%
ttt ttt
38%
sss sss
36%
uuu uuu
31%
yyy yyy
18%
zzz zzz
18%
vvv vvv
17%
www www
12%
xxx xxx
8%
Aucun quiz correspondant
Distribution des résultats
% des personnes avec chaque résultat
Percentile par nombre de réponses
Votre historique - résultats
Vous n’avez pas pris ce quiz